| 000 | 00422nam a2200169Ia 4500 | ||
|---|---|---|---|
| 008 | 221030s9999 xx 000 0 und d | ||
| 020 | _a8129705176 | ||
| 041 | _aEnglish | ||
| 082 |
_a105.23 _bDie |
||
| 100 | _aH. M. Dietel | ||
| 245 | 0 |
_aC # How to Program _cby H. M. Dietel, P. J. Dietel |
|
| 260 |
_bPearson Education _aDelhi _c2005 |
||
| 300 | _a1568 | ||
| 650 | _aComputers | ||
| 700 | _aP. J. Dietel | ||
| 942 | _cBK | ||
| 999 |
_c2802 _d2802 |
||